Aşere-i Mübeşşere (Cennetle müjdeli 10 sahabe - Statistics

General Stats
  • This quiz has been taken 45 times
  • The average score is 6 of 10
Answer Stats
İpucu Answer % Correct
4 Hz Ali
97%
1 Hz Ebubekir
97%
2 Hz Ömer
94%
3 Hz Osman
91%
5 Talha Bin Ubeydullah
58%
6 Zubeyr Bin Avvam
48%
9 Ebu Ubeyde Bin Cerrah
39%
10 Sa'd Bin Ebi Vakkas
39%
8 Abdurrahman Bin Avf
36%
7 Said Bin Zeyd
33%
No matching quizzes found
Score Distribution
Percent of People with Each Score
Percentile by Number Answered
Your Score History
You have not taken this quiz